| 000 | 00765nam a2200217 a 4500 | ||
|---|---|---|---|
| 005 | 20230313095548.0 | ||
| 008 | 170831s2015 mx r 000 0 spa d | ||
| 020 | _a9786079275631 (Flacso) | ||
| 020 | _a9786074863055 (CIESAS) | ||
| 035 | _aUPN01000220088 | ||
| 049 | _aCG | ||
| 050 | 4 |
_aHN113.5 _bS2.4 |
|
| 100 | 1 |
_aSaravi, Gonzalo Andrés _940576 |
|
| 245 | 1 | 0 |
_aJuventudes fragmentadas : _bsocialización, clase y cultura en la construcción de la desigualdad / _cGonzalo A. Saraví. |
| 260 |
_aMéxico : _bFLACSO : _bCIESAS, _c2015 |
||
| 300 | _a296 p. | ||
| 650 | 4 |
_aJuventud _zMéxico _xCondiciones sociales _920156 |
|
| 650 | 4 |
_aJUVENTUD URBANA - _zMEXICO - _xCONDICIONES SOCIALES _925966 |
|
| 650 | 4 |
_aMARGINALIDAD SOCIAL - _zMEXICO _923857 |
|
| 905 | _aLibro | ||
| 999 |
_c192187 _d192187 |
||